01055nam a2200217 i 4500001000700000003000900007005001700016007000300033008004100036110004200077245013200119260006000251300004400311500016000355505008200515650004100597700003800638852002200676999001900698952012000717109242ES-MaACL20230906184815.0t|061121s1923 sp r ||||1| spa d2 aEstación Enológica de Reus.9401410aMemoria correspondiente a los trabajos efectuados... durante los años 1914 a 1920 / cformulada por Claudio Oliveras Massó. aReus : b[s.n.], c1923 (fTall. Gráf. Eduardo Rivas) a227 p. lám. I-46 neg. col. ; c23 cm. aPrecede al tít.: Ministerio de Fomento. Dirección General de Agricultura y Montes, Escuela de Viticultura y Enología, Estación Enológica de Reus.8 aContiene: T. III. Campañas y experimentaciones contra el mildiu y el oidium 4aVid-xPlagas y enfermedades.91491571 aOliveras Massó, Claudio.986864 aES-MaACLjB-13123 c109242d109242 00104070aATENEOMbATENEOMcSPBd2008-01-17eSCl0oB-13123p1113987r2023-02-23 00:00:00w2023-02-23yMONOGRAFIA